[Event "Titled Tuesday intern op 25th Feb Early"]
[Site "Chess.com INT"]
[Date "2025.02.25"]
[Round "3"]
[White "Nersisyan, Garnik"]
[Black "Punin, Andrii"]
[Result "1/2-1/2"]
[WhiteElo "2035"]
[BlackElo "2289"]
[PlyCount "112"]
[EventDate "2025.02.25"]
[EventType "swiss (blitz)"]
[EventRounds "11"]
[EventCountry "USA"]
[SourceTitle "CB10_2025"]
[SourceDate "2025.03.05"]
[SourceVersion "1"]
[SourceVersionDate "2025.03.05"]
[SourceQuality "1"]

1. e4 c6 2. Nc3 d5 3. d3 e5 4. g3 Nf6 5. Bg2 dxe4 6. Nxe4 Nxe4 7. dxe4 Qxd1+ 8. Kxd1 Bc5 9. Ke2 a5 10. Be3 Bxe3 11. Kxe3 Na6 12. c3 Be6 13. Bh3 Ke7 14. Bxe6 Kxe6 15. Ne2 Rhd8 16. Rhd1 a4 17. f4 f6 18. f5+ Ke7 19. g4 b5 20. h4 Nc5 21. g5 g6 22. fxg6 hxg6 23. gxf6+ Kxf6 24. Ng3 Ke6 25. h5 gxh5 26. Nxh5 Rxd1 27. Rxd1 Rh8 28. Rh1 Ke7 29. Ng3 Rxh1 30. Nxh1 Nd7 31. Nf2 Nb6 32. b3 Kd6 33. Nd3 axb3 34. axb3 Nd7 35. Kf3 c5 36. Kg4 c4 37. bxc4 bxc4 38. Nb2 Kc5 39. Kf5 Kb5 40. Ke6 Nc5+ 41. Kxe5 Nd3+ 42. Kd6 Nxb2 43. e5 Na4 44. e6 Nb6 45. Kc7 Nd5+ 46. Kd6 Nb6 47. Kc7 Kc5 48. Kb7 Nd5 49. Ka6 Ne7 50. Ka5 Nd5 51. Ka6 Kd6 52. Kb5 Ne3 53. e7 Kxe7 54. Kc5 Ke6 55. Kd4 Nd1 56. Kxc4 Nxc3 1/2-1/2

[Event "Titled Tuesday intern op 25th Feb Early"]
[Site "Chess.com INT"]
[Date "2025.02.25"]
[Round "4"]
[White "Nersisyan, Garnik"]
[Black "Sitbon, Itay"]
[Result "0-1"]
[WhiteElo "2035"]
[BlackElo "2170"]
[PlyCount "82"]
[EventDate "2025.02.25"]
[EventType "swiss (blitz)"]
[EventRounds "11"]
[EventCountry "USA"]
[SourceTitle "CB10_2025"]
[SourceDate "2025.03.05"]
[SourceVersion "1"]
[SourceVersionDate "2025.03.05"]
[SourceQuality "1"]

1. e4 e5 2. Nc3 Nf6 3. d3 d5 4. exd5 Nxd5 5. Nxd5 Qxd5 6. Qf3 Be6 7. Qxd5 Bxd5 8. Ne2 Nc6 9. Nc3 Be6 10. Bd2 0-0-0 11. 0-0-0 Bc5 12. Be3 Nd4 13. a3 f5 14. Bxd4 Bxd4 15. f3 g5 16. Re1 c6 17. g3 f4 18. h4 fxg3 19. hxg5 Rdg8 20. Ne4 Bd5 21. c3 Bxe4 22. Rxe4 Bb6 23. Rxe5 Bc7 24. Rf5 Rxg5 25. Rxg5 Bf4+ 26. Kd1 Bxg5 27. Bh3+ Kc7 28. Ke2 Re8+ 29. Kf1 h5 30. Bf5 h4 31. Be4 Kd6 32. Kg2 Ke5 33. Kh3 Kf4 34. b4 Bf6 35. c4 Rg8 36. Kg2 a5 37. b5 cxb5 38. cxb5 Rc8 39. Bxb7 Rc2+ 40. Kh3 Bd4 41. Re1 Rh2# 0-1

[Event "Titled Tuesday intern op 25th Feb Early"]
[Site "Chess.com INT"]
[Date "2025.02.25"]
[Round "7"]
[White "Nersisyan, Garnik"]
[Black "Zvereva, Marija"]
[Result "1-0"]
[WhiteElo "2035"]
[BlackElo "2001"]
[PlyCount "67"]
[EventDate "2025.02.25"]
[EventType "swiss (blitz)"]
[EventRounds "11"]
[EventCountry "USA"]
[SourceTitle "CB10_2025"]
[SourceDate "2025.03.05"]
[SourceVersion "1"]
[SourceVersionDate "2025.03.05"]
[SourceQuality "1"]

1. e4 c5 2. Nc3 Nc6 3. d3 g6 4. g3 Bg7 5. Be3 b6 6. Qd2 Bb7 7. Bg2 h5 8. h3 Nf6 9. Nge2 e6 10. 0-0 d5 11. exd5 exd5 12. Bg5 d4 13. Ne4 Nxe4 14. Bxe4 Qd7 15. Kg2 Ne5 16. Qf4 Bxe4+ 17. Qxe4 f6 18. Bxf6 Bxf6 19. Qxa8+ Kf7 20. Qe4 Re8 21. Nf4 h4 22. Qd5+ Qxd5+ 23. Nxd5 Nc6 24. Rae1 Rd8 25. Nxf6 Kxf6 26. a3 Ne5 27. Re4 g5 28. f4 Ng6 29. fxg5+ Kxg5 30. Rg4+ Kh5 31. Rf5+ Kh6 32. Rf6 Rg8 33. Rxh4+ Kg7 34. Rxg6+ 1-0

[Event "Titled Tuesday intern op 25th Feb Early"]
[Site "Chess.com INT"]
[Date "2025.02.25"]
[Round "8"]
[White "Yelisieiev, Yevhenii"]
[Black "Nersisyan, Garnik"]
[Result "1/2-1/2"]
[WhiteElo "2421"]
[BlackElo "2035"]
[PlyCount "113"]
[EventDate "2025.02.25"]
[EventType "swiss (blitz)"]
[EventRounds "11"]
[EventCountry "USA"]
[SourceTitle "CB10_2025"]
[SourceDate "2025.03.05"]
[SourceVersion "1"]
[SourceVersionDate "2025.03.05"]
[SourceQuality "1"]

1. d4 e6 2. Nf3 Nf6 3. c4 d5 4. Nc3 Bb4 5. Qb3 a5 6. a3 dxc4 7. Qxc4 Bxc3+ 8. Qxc3 b6 9. Bg5 Bb7 10. Rc1 c6 11. e4 Nxe4 12. Bxd8 Nxc3 13. Bxb6 Na4 14. Bc5 Nxc5 15. dxc5 Nd7 16. Bd3 0-0-0 17. Ke2 f6 18. b4 axb4 19. axb4 Kc7 20. Bc4 Rhe8 21. Rhd1 e5 22. Nd2 f5 23. Nb3 Nf6 24. Na5 Ne4 25. Bd3 Rxd3 26. Rxd3 Ba6 27. f3 Bxd3+ 28. Kxd3 Nf6 29. Nc4 Nd5 30. Nd6 Nxb4+ 31. Kc4 Rb8 32. Rb1 Na6 33. Rxb8 Nxb8 34. Nxf5 g6 35. Nd6 Nd7 36. h4 Kd8 37. g4 Ke7 38. g5 Ke6 39. Nc8 Kf5 40. Ne7+ Kf4 41. Nxc6 Kxf3 42. Kd5 Nxc5 43. Nxe5+ Kf4 44. Nc6 Ne4 45. Nd4 Nxg5 46. hxg5 Kxg5 47. Ke4 Kg4 48. Ne2 h5 49. Ke3 h4 50. Kf2 g5 51. Kg2 Kh5 52. Nc3 g4 53. Ne4 Kg6 54. Nf2 g3 55. Nh1 Kg5 56. Nxg3 hxg3 57. Kxg3 1/2-1/2

[Event "Titled Tuesday intern op 25th Feb Early"]
[Site "Chess.com INT"]
[Date "2025.02.25"]
[Round "2"]
[White "Zakirov, Musa"]
[Black "Nersisyan, Garnik"]
[Result "0-1"]
[WhiteElo "2345"]
[BlackElo "2035"]
[PlyCount "62"]
[EventDate "2025.02.25"]
[EventType "swiss (blitz)"]
[EventRounds "11"]
[EventCountry "USA"]
[SourceTitle "CB10_2025"]
[SourceDate "2025.03.05"]
[SourceVersion "1"]
[SourceVersionDate "2025.03.05"]
[SourceQuality "1"]

1. e4 e6 2. d4 d5 3. Nc3 dxe4 4. Nxe4 Nd7 5. Nf3 Be7 6. Bd3 b6 7. 0-0 Bb7 8. Qe2 Ngf6 9. Ng3 0-0 10. Rd1 Qc8 11. c3 c5 12. Bg5 Qc6 13. Rac1 Rfd8 14. Re1 h6 15. Bf4 a6 16. Ne4 Nxe4 17. Bxe4 Qc8 18. Ne5 Nxe5 19. Bxe5 Bxe4 20. Qxe4 Bd6 21. Bxd6 Rxd6 22. dxc5 bxc5 23. Re3 Rb8 24. Rg3 Qd7 25. h4 Rxb2 26. Qe5 f5 27. Re1 Rdd2 28. Qxc5 Rxa2 29. Rf1 Qd6 30. Qc8+ Kh7 31. Qe8 Qxg3 0-1

[Event "Titled Tuesday intern op 11th Feb Early"]
[Site "Chess.com INT"]
[Date "2025.02.11"]
[Round "7"]
[White "Demchenko, Yaroslav"]
[Black "Nersisyan, Garnik"]
[Result "1-0"]
[WhiteElo "2201"]
[BlackElo "2035"]
[PlyCount "47"]
[EventDate "2025.02.11"]
[EventType "swiss (blitz)"]
[EventRounds "11"]
[EventCountry "USA"]
[SourceTitle "CB09_2025"]
[SourceDate "2025.02.27"]
[SourceVersion "1"]
[SourceVersionDate "2025.02.27"]
[SourceQuality "1"]

1. Nf3 d5 2. e3 Nf6 3. c4 e6 4. b3 Be7 5. Bb2 0-0 6. Nc3 b6 7. cxd5 Nxd5 8. Nxd5 exd5 9. d4 Bg4 10. Be2 Nd7 11. 0-0 Rc8 12. Qd2 c5 13. dxc5 Nxc5 14. Rfd1 Ne4 15. Qxd5 Qxd5 16. Rxd5 Rc2 17. Bd3 Rxf2 18. Bd4 Nf6 19. Re5 Bxf3 20. Kxf2 Ng4+ 21. Kxf3 Nxe5+ 22. Bxe5 Rd8 23. Bd4 h6 24. Rc1 1-0

[Event "Titled Tuesday intern op 11th Feb Early"]
[Site "Chess.com INT"]
[Date "2025.02.11"]
[Round "5"]
[White "Kuchava, Ana"]
[Black "Nersisyan, Garnik"]
[Result "0-1"]
[WhiteElo "2094"]
[BlackElo "2035"]
[PlyCount "74"]
[EventDate "2025.02.11"]
[EventType "swiss (blitz)"]
[EventRounds "11"]
[EventCountry "USA"]
[SourceTitle "CB09_2025"]
[SourceDate "2025.02.27"]
[SourceVersion "1"]
[SourceVersionDate "2025.02.27"]
[SourceQuality "1"]

1. c4 e6 2. g3 d5 3. Nf3 dxc4 4. Qa4+ Bd7 5. Qxc4 Bc6 6. Bg2 Nf6 7. 0-0 Be7 8. d3 Nbd7 9. a3 Bxf3 10. Bxf3 c6 11. Bg2 0-0 12. b4 Nd5 13. Bb2 Bf6 14. Nc3 Nxc3 15. Bxc3 Bxc3 16. Qxc3 Qf6 17. Qxf6 Nxf6 18. Rfc1 Rfd8 19. Rab1 a6 20. a4 Nd5 21. b5 axb5 22. axb5 Rdc8 23. bxc6 bxc6 24. Rb7 Kf8 25. Kf1 Rcb8 26. Rxb8+ Rxb8 27. e4 Nb4 28. Ke2 e5 29. Rc5 f6 30. f4 exf4 31. gxf4 Ra8 32. Ke3 Ra2 33. Bh3 Rxh2 34. Bf5 g6 35. Bd7 Ke7 36. Bxc6 Kd6 37. Rc4 Nxc6 0-1

[Event "Titled Tuesday intern op 11th Feb Early"]
[Site "Chess.com INT"]
[Date "2025.02.11"]
[Round "3"]
[White "Nersisyan, Garnik"]
[Black "Ilinca Ilinca, Felix Antonio"]
[Result "0-1"]
[WhiteElo "2035"]
[BlackElo "2412"]
[PlyCount "78"]
[EventDate "2025.02.11"]
[EventType "swiss (blitz)"]
[EventRounds "11"]
[EventCountry "USA"]
[SourceTitle "CB09_2025"]
[SourceDate "2025.02.27"]
[SourceVersion "1"]
[SourceVersionDate "2025.02.27"]
[SourceQuality "1"]

1. e4 c6 2. Nc3 d5 3. d3 e5 4. g3 dxe4 5. dxe4 Qxd1+ 6. Nxd1 Bc5 7. Be3 Bxe3 8. Nxe3 Nf6 9. Bg2 h6 10. 0-0-0 Be6 11. a3 g5 12. h3 Nbd7 13. Ne2 Ke7 14. Rd2 Rad8 15. Rhd1 Nc5 16. Rxd8 Rxd8 17. Rxd8 Kxd8 18. Nc3 a5 19. b4 axb4 20. axb4 Na6 21. b5 Nc5 22. bxc6 bxc6 23. Nf5 Bxf5 24. exf5 Kd7 25. Kd2 Kd6 26. Ke3 Nd5+ 27. Nxd5 cxd5 28. c3 Na4 29. f4 Nxc3 30. fxg5 hxg5 31. h4 gxh4 32. gxh4 f6 33. h5 Ke7 34. Kd3 d4 35. Bc6 Kf7 36. Bf3 Kg7 37. Bg4 Kh6 38. Bf3 Kg5 39. Kc4 Kxf5 0-1

[Event "Titled Tuesday intern op 11th Feb Early"]
[Site "Chess.com INT"]
[Date "2025.02.11"]
[Round "10"]
[White "Nersisyan, Garnik"]
[Black "Mesquita, Eduardo Barbosa"]
[Result "0-1"]
[WhiteElo "2035"]
[BlackElo "2014"]
[PlyCount "142"]
[EventDate "2025.02.11"]
[EventType "swiss (blitz)"]
[EventRounds "11"]
[EventCountry "USA"]
[SourceTitle "CB09_2025"]
[SourceDate "2025.02.27"]
[SourceVersion "1"]
[SourceVersionDate "2025.02.27"]
[SourceQuality "1"]

1. e4 c5 2. Nc3 a6 3. d3 e6 4. g3 d5 5. Bg2 Nf6 6. Bg5 d4 7. Nce2 Be7 8. h3 h6 9. Bxf6 Bxf6 10. f4 Nd7 11. e5 Be7 12. c4 0-0 13. Nf3 Rb8 14. 0-0 b6 15. Nd2 Bb7 16. Bxb7 Rxb7 17. Ne4 b5 18. b3 f5 19. exf6 Nxf6 20. Nxf6+ Bxf6 21. g4 bxc4 22. bxc4 Rb2 23. Ng3 Qa5 24. Ne4 Bh4 25. a4 Rfb8 26. f5 Qc7 27. Nd2 Qg3+ 28. Kh1 Qxh3+ 29. Kg1 Bg3 30. Qe2 e5 31. Rf3 Qxg4 32. Qg2 Bh2+ 33. Kxh2 Rxd2 34. Rf2 Qh4+ 35. Kg1 Rxf2 36. Qxf2 Qg5+ 37. Qg2 Qxf5 38. Rf1 Qxd3 39. Qd5+ Kh8 40. Qxe5 Qe3+ 41. Qxe3 dxe3 42. Re1 Re8 43. Re2 Re4 44. Kg2 Rxc4 45. Kf3 Rxa4 46. Rxe3 c4 47. Re8+ Kh7 48. Rc8 a5 49. Kg4 c3+ 50. Kf5 Ra3 51. Ke6 a4 52. Kf7 c2 53. Rxc2 Rg3 54. Ke6 a3 55. Kf5 h5 56. Kf4 h4 57. Rh2 g5+ 58. Kf5 Kh6 59. Rc2 Kh5 60. Rc8 Rf3+ 61. Ke4 Rf4+ 62. Ke3 Kg4 63. Ra8 h3 64. Ke2 h2 65. Rh8 a2 66. Rxh2 a1Q 67. Rg2+ Kf5 68. Rf2 Qe5+ 69. Kf1 Rxf2+ 70. Kg1 Qf4 71. Kh1 Qh2# 0-1

[Event "Titled Tuesday intern op 11th Feb Early"]
[Site "Chess.com INT"]
[Date "2025.02.11"]
[Round "6"]
[White "Nersisyan, Garnik"]
[Black "Peter, Neathan"]
[Result "0-1"]
[WhiteElo "2035"]
[BlackElo "2005"]
[PlyCount "154"]
[EventDate "2025.02.11"]
[EventType "swiss (blitz)"]
[EventRounds "11"]
[EventCountry "USA"]
[SourceTitle "CB09_2025"]
[SourceDate "2025.02.27"]
[SourceVersion "1"]
[SourceVersionDate "2025.02.27"]
[SourceQuality "1"]

1. e4 c5 2. Nc3 Nc6 3. d3 e5 4. g3 d6 5. Bg2 f5 6. Nge2 Nf6 7. Bg5 Be7 8. 0-0 fxe4 9. dxe4 Nd4 10. Bxf6 Bxf6 11. Nxd4 cxd4 12. Nd5 0-0 13. c3 dxc3 14. Nxc3 Be6 15. Qd3 Qb6 16. b3 Rac8 17. Nd5 Bxd5 18. Qxd5+ Kh8 19. Rac1 Bg5 20. Rxc8 Rxc8 21. h4 Bh6 22. Qe6 Rf8 23. Qe7 Kg8 24. Bh3 g6 25. Be6+ Kh8 26. Kg2 Qd4 27. Bd5 Qd3 28. Qxd6 Qf3+ 29. Kg1 Bg7 30. Bxb7 Qe2 31. a4 Qb2 32. Bd5 Bh6 33. h5 Qe2 34. hxg6 hxg6 35. Qxg6 Be3 36. Kg2 Qf3+ 37. Kh2 Bxf2 38. Qg5 Bxg3+ 39. Qxg3 Qxg3+ 40. Kxg3 Rxf1 41. Kg4 Rf4+ 42. Kg5 Kg7 43. a5 Rf2 44. a6 Kf8 45. Kg4 Ke7 46. b4 Rb2 47. Kf5 Kd6 48. Kf6 Rxb4 49. Kf5 Rd4 50. Bb7 Rb4 51. Kf6 Rb1 52. Kf5 Rf1+ 53. Kg5 Rf4 54. Kg6 Kc5 55. Kg5 Kd4 56. Bc6 Rxe4 57. Bxe4 Kxe4 58. Kf6 Kd4 59. Ke6 e4 60. Kd6 Kc4 61. Kc6 e3 62. Kb7 e2 63. Kxa7 e1Q 64. Kb7 Qe7+ 65. Kb6 Qd6+ 66. Kb7 Qd7+ 67. Kb8 Qd8+ 68. Kb7 Qd7+ 69. Kb8 Qd6+ 70. Kb7 Kb5 71. a7 Qd7+ 72. Kb8 Kb6 73. a8N+ Kb5 74. Nc7+ Kc6 75. Ka8 Kxc7 76. Ka7 Qb5 77. Ka8 Qb7# 0-1

[Event "Titled Tuesday intern op 11th Feb Early"]
[Site "Chess.com INT"]
[Date "2025.02.11"]
[Round "8"]
[White "Nersisyan, Garnik"]
[Black "Rossi, Maximiliano"]
[Result "1-0"]
[WhiteElo "2035"]
[BlackElo "2013"]
[PlyCount "75"]
[EventDate "2025.02.11"]
[EventType "swiss (blitz)"]
[EventRounds "11"]
[EventCountry "USA"]
[SourceTitle "CB09_2025"]
[SourceDate "2025.02.27"]
[SourceVersion "1"]
[SourceVersionDate "2025.02.27"]
[SourceQuality "1"]

1. e4 e6 2. Nc3 d5 3. d3 Nf6 4. g3 Be7 5. Bg2 0-0 6. exd5 exd5 7. Nge2 d4 8. Ne4 Nxe4 9. Bxe4 f5 10. Bg2 c5 11. 0-0 Nc6 12. Nf4 Kh8 13. c4 Bd6 14. Bd5 Bxf4 15. Bxf4 Qf6 16. h4 Nb4 17. Bg2 a5 18. a3 Nc6 19. Re1 Bd7 20. Qd2 Rae8 21. Rxe8 Rxe8 22. Re1 Rf8 23. Bg5 Qf7 24. Bd5 Qh5 25. Qe2 Qg6 26. Qf3 h6 27. Bf4 Qf6 28. Bc7 Kh7 29. Qf4 g5 30. hxg5 hxg5 31. Qd6 Qxd6 32. Bxd6 Re8 33. Rxe8 Bxe8 34. Bxc5 Ne5 35. Bxd4 Nxd3 36. Bxb7 a4 37. c5 Kg6 38. c6 1-0

[Event "Titled Tuesday intern op 11th Feb Early"]
[Site "Chess.com INT"]
[Date "2025.02.11"]
[Round "1"]
[White "Nersisyan, Garnik"]
[Black "Safarov, Deniel"]
[Result "0-1"]
[WhiteElo "2035"]
[BlackElo "2308"]
[PlyCount "68"]
[EventDate "2025.02.11"]
[EventType "swiss (blitz)"]
[EventRounds "11"]
[EventCountry "USA"]
[SourceTitle "CB09_2025"]
[SourceDate "2025.02.27"]
[SourceVersion "1"]
[SourceVersionDate "2025.02.27"]
[SourceQuality "1"]

1. e4 c6 2. Nc3 d5 3. d3 g6 4. g3 Bg7 5. Bg2 e6 6. h4 h5 7. Nh3 Nf6 8. Bg5 Qb6 9. Qc1 Ng4 10. 0-0 0-0 11. Kh1 Na6 12. f3 Ne5 13. Bh6 f6 14. Bxg7 Kxg7 15. Nf2 Bd7 16. b3 Rae8 17. Ne2 c5 18. f4 Ng4 19. Nxg4 hxg4 20. exd5 exd5 21. Nc3 d4 22. Ne4 Bc6 23. Qd1 f5 24. Ng5 Nb4 25. Re1 Bxg2+ 26. Kxg2 Nd5 27. Qd2 Re3 28. Rxe3 Nxe3+ 29. Kg1 Re8 30. Re1 Qb4 31. Re2 Kg8 32. a3 Qxa3 33. Rh2 Qa1+ 34. Kf2 Qf1# 0-1

[Event "Titled Tuesday intern op 11th Feb Early"]
[Site "Chess.com INT"]
[Date "2025.02.11"]
[Round "11"]
[White "Neustroev, Victor"]
[Black "Nersisyan, Garnik"]
[Result "1-0"]
[WhiteElo "2283"]
[BlackElo "2035"]
[PlyCount "91"]
[EventDate "2025.02.11"]
[EventType "swiss (blitz)"]
[EventRounds "11"]
[EventCountry "USA"]
[SourceTitle "CB09_2025"]
[SourceDate "2025.02.27"]
[SourceVersion "1"]
[SourceVersionDate "2025.02.27"]
[SourceQuality "1"]

1. e4 e6 2. d4 d5 3. Nc3 dxe4 4. Nxe4 Nd7 5. Nf3 Be7 6. Bd3 b6 7. 0-0 Bb7 8. Re1 Ngf6 9. Nxf6+ Bxf6 10. Bf4 0-0 11. Ne5 h6 12. Qe2 Nxe5 13. dxe5 Bg5 14. Bg3 Qd5 15. f3 Qd4+ 16. Kh1 Qxb2 17. f4 Be7 18. Qg4 Rad8 19. Rad1 Rxd3 20. Rxd3 Qxc2 21. Qe2 Qxe2 22. Rxe2 Ba6 23. Rd7 Bxe2 24. Rxe7 Rc8 25. f5 exf5 26. e6 fxe6 27. Be5 g5 28. Rxe6 c5 29. Rxh6 Kf7 30. Rf6+ Ke7 31. Rxf5 g4 32. Bc3 Bb5 33. h4 g3 34. Rg5 Rd8 35. Rxg3 Rd1+ 36. Kh2 Rc1 37. h5 Bd3 38. Rxd3 c4 39. Rg3 Kd6 40. h6 b5 41. h7 b4 42. Bxb4+ Kc6 43. h8Q Kb5 44. a3 a5 45. Qe5+ Ka4 46. Qxa5# 1-0

[Event "Titled Tuesday intern op 11th Feb Early"]
[Site "Chess.com INT"]
[Date "2025.02.11"]
[Round "4"]
[White "Swara, Lakshmi S Nair"]
[Black "Nersisyan, Garnik"]
[Result "1/2-1/2"]
[WhiteElo "2216"]
[BlackElo "2035"]
[PlyCount "106"]
[EventDate "2025.02.11"]
[EventType "swiss (blitz)"]
[EventRounds "11"]
[EventCountry "USA"]
[SourceTitle "CB09_2025"]
[SourceDate "2025.02.27"]
[SourceVersion "1"]
[SourceVersionDate "2025.02.27"]
[SourceQuality "1"]

1. e4 e6 2. d4 d5 3. Nd2 dxe4 4. Nxe4 Nd7 5. Nf3 Be7 6. Bd3 b6 7. 0-0 Bb7 8. c3 Ngf6 9. Qe2 Nxe4 10. Bxe4 Bxe4 11. Qxe4 0-0 12. Ne5 Nxe5 13. dxe5 Qd5 14. Qxd5 exd5 15. Be3 Rfe8 16. Rad1 c6 17. Rfe1 Bc5 18. f4 a5 19. Kf2 f6 20. exf6 Rxe3 21. Rxe3 Re8 22. Rde1 gxf6 23. Kf3 Rxe3+ 24. Rxe3 Bxe3 25. Kxe3 Kf7 26. f5 Ke7 27. g4 Kd6 28. Kf4 h6 29. h4 c5 30. g5 hxg5+ 31. hxg5 fxg5+ 32. Kxg5 Ke7 33. f6+ Kf7 34. Kf5 d4 35. cxd4 cxd4 36. Ke4 Kxf6 37. Kxd4 Ke6 38. Kc4 Kd6 39. Kb5 Kc7 40. a3 Kb7 41. b3 Kc7 42. Kc4 Kc6 43. a4 Kd6 44. Kd4 Kc6 45. Kc4 Kd6 46. Kb5 Kc7 47. Kc4 Kc6 48. Kd4 b5 49. axb5+ Kxb5 50. Kc3 Kc5 51. Kc2 Kb4 52. Kb2 a4 53. bxa4 Kxa4 1/2-1/2

[Event "Titled Tuesday intern op 28th Jan Early"]
[Site "Chess.com INT"]
[Date "2025.01.28"]
[Round "10"]
[White "Jedryczka, Krystian"]
[Black "Nersisyan, Garnik"]
[Result "1/2-1/2"]
[WhiteElo "2084"]
[BlackElo "2035"]
[PlyCount "138"]
[EventDate "2025.01.28"]
[EventType "swiss (blitz)"]
[EventRounds "11"]
[EventCountry "USA"]
[SourceTitle "CB06_2025"]
[SourceDate "2025.02.05"]
[SourceVersion "1"]
[SourceVersionDate "2025.02.05"]
[SourceQuality "1"]

1. b3 e6 2. Bb2 Nf6 3. g3 Be7 4. Bg2 0-0 5. e4 d5 6. e5 Nfd7 7. Nf3 f5 8. d4 c5 9. c3 b6 10. Bf1 a5 11. a4 Ba6 12. Nbd2 Bxf1 13. Nxf1 Nc6 14. Ne3 cxd4 15. cxd4 Bb4+ 16. Kf1 Rc8 17. Ng2 g5 18. h4 g4 19. Nfe1 Bxe1 20. Qxe1 Re8 21. Nf4 Nf8 22. h5 Nb4 23. Rc1 Qd7 24. Kg2 Rxc1 25. Bxc1 Rc8 26. Be3 Nc2 27. Qd2 Nxe3+ 28. Qxe3 Rc2 29. h6 Qf7 30. Nh5 Ng6 31. Qg5 Rc8 32. Rc1 Rxc1 33. Qxc1 f4 34. Qc8+ Qf8 35. Nf6+ Kf7 36. Qxf8+ Nxf8 37. gxf4 Kg6 38. Kg3 Kxh6 39. Kxg4 Kg6 40. Ne8 h5+ 41. Kf3 Kh6 42. Nc7 h4 43. Kg4 Kg6 44. Na8 h3 45. Kxh3 Kf5 46. Nxb6 Kxf4 47. Nc8 Nd7 48. Na7 Ke4 49. Nc6 Kd3 50. Nxa5 Kxd4 51. Nc6+ Kc5 52. Nd8 Nxe5 53. Nxe6+ Kb4 54. Nf4 d4 55. Kg3 d3 56. Nxd3+ Nxd3 57. f4 Nc5 58. f5 Kxb3 59. f6 Kxa4 60. f7 Nd7 61. Kf4 Nf8 62. Kf5 Kb5 63. Kf6 Kc6 64. Ke7 Ng6+ 65. Kf6 Nf8 66. Ke7 Nd7 67. Ke6 Kc7 68. Ke7 Kc8 69. f8Q+ Nxf8 1/2-1/2

[Event "Titled Tuesday intern op 28th Jan Early"]
[Site "Chess.com INT"]
[Date "2025.01.28"]
[Round "4"]
[White "Nersisyan, Garnik"]
[Black "Abdou, Abdellahi Ahmed Ale"]
[Result "1-0"]
[WhiteElo "2035"]
[BlackElo "1967"]
[PlyCount "47"]
[EventDate "2025.01.28"]
[EventType "swiss (blitz)"]
[EventRounds "11"]
[EventCountry "USA"]
[SourceTitle "CB06_2025"]
[SourceDate "2025.02.05"]
[SourceVersion "1"]
[SourceVersionDate "2025.02.05"]
[SourceQuality "1"]

1. e4 c6 2. Nc3 d5 3. d3 dxe4 4. dxe4 Qxd1+ 5. Nxd1 e5 6. Bc4 Bd6 7. Be3 Nf6 8. f3 Nbd7 9. Bb3 Nb6 10. Bg5 Ke7 11. Ne2 Be6 12. Bxe6 Kxe6 13. Ne3 g6 14. 0-0-0 h6 15. Bxf6 Kxf6 16. Rxd6+ Ke7 17. Rhd1 Rhd8 18. Rxd8 Rxd8 19. Rxd8 Kxd8 20. b3 Nd7 21. Kd2 Nc5 22. Nc1 Ne6 23. Nd3 f6 24. Ng4 1-0

[Event "Titled Tuesday intern op 28th Jan Early"]
[Site "Chess.com INT"]
[Date "2025.01.28"]
[Round "9"]
[White "Nersisyan, Garnik"]
[Black "Novoselov, Roman"]
[Result "0-1"]
[WhiteElo "2035"]
[BlackElo "2261"]
[PlyCount "70"]
[EventDate "2025.01.28"]
[EventType "swiss (blitz)"]
[EventRounds "11"]
[EventCountry "USA"]
[SourceTitle "CB06_2025"]
[SourceDate "2025.02.05"]
[SourceVersion "1"]
[SourceVersionDate "2025.02.05"]
[SourceQuality "1"]

1. e4 e6 2. Nc3 d5 3. d3 Nf6 4. Bg5 Be7 5. f4 c5 6. e5 Nfd7 7. Bxe7 Qxe7 8. Nb5 Nb6 9. Nd6+ Kd8 10. Nf3 f6 11. c3 d4 12. c4 Nc6 13. Nxc8 Kxc8 14. exf6 gxf6 15. g3 e5 16. Bh3+ Kc7 17. fxe5 fxe5 18. 0-0 e4 19. dxe4 Qxe4 20. b3 Rhf8 21. Bg2 Rae8 22. Qd2 Qe3+ 23. Qxe3 Rxe3 24. Rae1 Nd7 25. Rxe3 dxe3 26. Ng5 Re8 27. Bxc6 Kxc6 28. Nxh7 Ne5 29. Nf6 Re6 30. Nd5 e2 31. Re1 Nd3 32. Nf4 Nxe1 33. Nxe6 Nf3+ 34. Kf2 e1Q+ 35. Kxf3 Qxe6 0-1

[Event "Titled Tuesday intern op 28th Jan Early"]
[Site "Chess.com INT"]
[Date "2025.01.28"]
[Round "1"]
[White "Shuvalova, Polina"]
[Black "Nersisyan, Garnik"]
[Result "1-0"]
[WhiteElo "2508"]
[BlackElo "2035"]
[PlyCount "113"]
[EventDate "2025.01.28"]
[EventType "swiss (blitz)"]
[EventRounds "11"]
[EventCountry "USA"]
[SourceTitle "CB06_2025"]
[SourceDate "2025.02.05"]
[SourceVersion "1"]
[SourceVersionDate "2025.02.05"]
[SourceQuality "1"]

1. Nf3 e6 2. g3 d5 3. Bg2 Nf6 4. 0-0 Be7 5. b3 0-0 6. Bb2 b6 7. c4 Bb7 8. d4 dxc4 9. bxc4 c5 10. e3 cxd4 11. exd4 Nbd7 12. Nbd2 Rc8 13. Re1 Re8 14. a4 Bb4 15. Rc1 Bxf3 16. Bxf3 a5 17. Re2 Nf8 18. h4 Qd6 19. Kg2 Ba3 20. Qb3 Bxb2 21. Qxb2 Red8 22. Nb3 Qb4 23. Rec2 Qxa4 24. d5 exd5 25. cxd5 Rxc2 26. Qxc2 Qb4 27. Rd1 Qd6 28. Nd4 Qc5 29. Qxc5 bxc5 30. Nc6 Ra8 31. d6 Ra6 32. Nb8 Rb6 33. d7 Rxb8 34. d8Q Rxd8 35. Rxd8 g6 36. Ra8 Kg7 37. Rxa5 Ne6 38. Be2 Nd7 39. Bc4 Kf6 40. Ra7 Ne5 41. Bxe6 Kxe6 42. f4 Ng4 43. Kf3 h5 44. Rc7 Kd5 45. Rxf7 c4 46. Rd7+ Kc5 47. Ke2 c3 48. Kd3 Nf2+ 49. Kxc3 Ne4+ 50. Kd3 Nxg3 51. Rg7 Nf5 52. Rxg6 Nxh4 53. Rg5+ Kd6 54. Ke4 Ke6 55. Rxh5 Ng2 56. Rh2 Ne1 57. Re2 1-0

[Event "Titled Tuesday intern op 28th Jan Early"]
[Site "Chess.com INT"]
[Date "2025.01.28"]
[Round "3"]
[White "Teterev, Vitaly"]
[Black "Nersisyan, Garnik"]
[Result "1-0"]
[WhiteElo "2257"]
[BlackElo "2035"]
[PlyCount "49"]
[EventDate "2025.01.28"]
[EventType "swiss (blitz)"]
[EventRounds "11"]
[EventCountry "USA"]
[SourceTitle "CB06_2025"]
[SourceDate "2025.02.05"]
[SourceVersion "1"]
[SourceVersionDate "2025.02.05"]
[SourceQuality "1"]

1. e4 e6 2. d3 d5 3. Nd2 dxe4 4. dxe4 Nf6 5. Ngf3 Be7 6. Bd3 0-0 7. 0-0 b6 8. Qe2 a5 9. e5 Nd5 10. Qe4 g6 11. c4 Nb4 12. Qxa8 Nxd3 13. Qxb8 Qd7 14. Ne4 Nc5 15. Nxc5 Bxc5 16. Bh6 Re8 17. Rad1 Qc6 18. Nd4 Bxd4 19. Rxd4 Bb7 20. Qxe8+ Qxe8 21. Rfd1 Bd5 22. cxd5 f5 23. dxe6 Qxe6 24. Rd8+ Kf7 25. R1d7+ 1-0